000 00420nam a22001457a 4500
008 250714b |||||||| |||| 00| 0 eng d
020 _a1901092127
050 _aNA680
_b.B54
100 _aBienal Aires Buenos
245 _aTruth Radically And Beyond in Contemporary Architecture
260 _aNP
_bAndreas Papadakis Publisher
_c2000
300 _a144p.
_bill.
650 _aArchitecture, Modern 20th Century
942 _cBK
999 _c4273
_d4273